Microsoft access 2000 cho mọi người; T2

Na minha lista:
Detalhes bibliográficos
Formato: Livro
Idioma:Undetermined
Publicado em: Hà Nội Thống kê 1999
Assuntos:
Tags: Adicionar Tag
Sem tags, seja o primeiro a adicionar uma tag!
Thư viện lưu trữ: Trung tâm Học liệu Trường Đại học Cần Thơ
LEADER 00502nam a2200157Ia 4500
001 CTU_37760
008 210402s9999 xx 000 0 und d
082 |a 005.713 
082 |b M619/T2 
245 0 |a Microsoft access 2000 cho mọi người; T2 
245 0 |c VN-guide dịch 
260 |a Hà Nội 
260 |b Thống kê 
260 |c 1999 
650 |a access ( computer program language ),database management - computer programs 
980 |a Trung tâm Học liệu Trường Đại học Cần Thơ